01340 2200397 4500001002100000005001500021035002000036007000300056008004100059020002200100040002200122082001400144084001600158090002000174090002200194100003300216245016300249250002000412300005100432500006200483650003800545700002600583700003900609700002300648700003500671700002200706700003700728850001200765041000800777504002500785264003600810336002100846337003000867338002300897990002200920INLIS00000000084635120190424082445 a0010-0419001210ta190424 2018 yoia g ind d a978-602-5568-48-0 aYOPDYOGbinderda04223a303.4 a303.4 INA t aDEP 303.4 INA t aCB-D.11 2018-17890 aInasari Widiyastutiepenulis10aTeknologi dan perubahan sosial /cpenulis, Inasari Widiyastuti, Ana Nadhya Abrar, Daru Nupikso, Novian Anata Putra, Nur Zaini, Vieka Aprilya Intanny, Darmanto aCetakan I, 2018 aviii, 219 halaman :bilustrasi, tabel ;c23 cm aDiterbitkan bekerja sama dengan BPSDMP Kominfo Yogyakarta 4aSosial, perubahan--vBunga rampai0 aDaru Nupiksoepenulis0 aNovian Anata Putrad1987-epenulis0 aNur Zainiepenulis0 aVieka Aprilya Intannyepenulis0 aDarmantoepenulis0 aAna Nadhya Abrard1959-epenulis aYOPDYOG0 aind aTermasuk bibliografi31aYogyakarta :bGava Media,c2018 2rdacontentateks 2rdamediaatanpa perantara 2rdacarrieravolume aCB-D.11/2018-1789